000
00333nam a22001457a 4500
008
210310b ||||| |||| 00| 0 eng d
020
_a
9781558605718
041
_a
eng
080
_a
72
082
_a
72
100
_a
41
101
_a
ARK
245
_a
Integrated Management of Networked Systems
_c
Hegering,H.G
942
_2
udc
_c
BK
999
_c
56177
_d
56177